The Only Country In The World - Statistics

General Stats
  • This quiz has been taken 278 times
    181 since last reset
  • The average score is 5 of 12
Answer Stats
The Only Country ...... Answer % Correct
With three capitals South Africa
82%
Non-quadrilateral flag Nepal
81%
Woman cannot drive (few years ago) Saudi Arabia
80%
With no mosquitoes Iceland
70%
Woman are forced to serve in military Israel
59%
Extends in all four hemisphere(inc. mainland only) Kiribati
34%
Named after a woman Saint Lucia
29%
Has banned tobacco Bhutan
20%
with lower population than that did in 19 century Ireland
16%
Not recognize Armenia as a state Pakistan
14%
Has 13 months Ethiopia
11%
Legal to sell kidney Iran
3%
No matching quizzes found
Score Distribution
Percent of People with Each Score
Percentile by Number Answered
Your Score History
You have not taken this quiz since the last reset